000 00346nam a2200133Ia 4500
008 240624s9999 xx 000 0 und d
041 _aeng
082 _a158 BHO
100 _aBHOGLE HARSHA
245 _aWINNING WAY LEARNINGS FROM SPORT FOR MAN
260 _c2011
_aNew Delhi
_bWestland And Tranquebar Press
300 _a226 : p.
365 _cRS
999 _c28081
_d28081